Statistiques concernant Qui est le plus peuplé ?

Cliquez ici pour prendre le quiz!

Statistiques générales

  • Ce quiz a été pris 45 fois
  • Le résultat moyen est 4 sur 9

Statistiques - réponses

QuestionRéponse% Correct
Qui est le plus peuplé entreIndonesie
63%
Qui est le plus peuplé entreUruguay
57%
Qui est le plus peuplé entreEthiopie
49%
Qui est le plus peuplé entreParaguay
49%
Qui est le plus peuplé entreBarbade
40%
Qui est le plus peuplé entreRussie
40%
Qui est le plus peuplé entreSingapour
40%
Qui est le plus peuplé entreBahrein
31%
Qui est le plus peuplé entreOuzbékistan
26%

Distribution des résultats

Percentile par nombre de réponses

% des personnes avec chaque résultat

Votre développement - résultats

Vous n’avez pas pris ce quiz